000 00665cam a2200253 4500
008 090401t1990 xxu||||| |||| 00| 0 eng d
020 _a0922154023
035 _a(Sirsi) u36473
041 _aeng
050 _a333.332
100 _aRushmore, Stephen
245 4 _aThe computerised income approach to hotel-motel market studies and valuations.
260 _aChicago, Ill.
_bAppraisal Institute
_c1990
300 _axiv,411p. ; 28cm.
350 _a27
650 _aCOMPUTERS
650 _aHOTELS
650 _aMOTELS
650 _aUNITED STATES
650 _aValuation
_96273
690 _aRATING AND VALUATION
942 _n0
948 _c04/03/1997
999 _c90292
_d90292